000 00573nam a2200181Ia 4500
008 240729s9999 xx 000 0 und d
022 _a1684-9981
245 0 _aNatural Hazards and Earth System Sciences
260 _aGermany
260 _bCopernicus Publications
650 _a Environmental sciences | Science
650 _a Environmental technology. Sanitary engineering | Geography. Anthropology. Recreation
650 _a Geology
650 _aTechnology
856 _uhttps://doaj.org/toc/f481d8d19c0f4aea8ef24a7192f49b8d
942 _2ddc
942 _cDOAJEJ
999 _c68396
_d68396
945 _a1
_bMadushi Gamage
_c1
_dMadushi Gamage